000 00710nas a22002291c 4500
001 a987692953
008 200115s1949 gw |||| 000u eng d
022 _a0038-5859
041 _aeng
245 0 0 _aSoviet studies /
_cpubl. for the University of Glasgow
246 1 0 _aEurope-Asia studies
246 1 0 _aSoviet Studies
264 _aAbingdon, Oxfordshire [u.a.] :
_bCarfax Publ. Comp.,
_c1949
500 _aOnline-Angebot nicht frei zugänglich, Zugriff nur im DHI-Lesesaal
655 0 _aElektronische Zeitschrift
710 2 _aUniversity Glasgow
856 4 _uhttps://www.jstor.org/journal/sovietstudies
942 _cCR
910 0 0 _a1.1949-44.1992
040 _cRU-10907106
003 RU-10907106
999 _c17565
_d17565